[Event "Ruhrgebiet Verbandsklasse Gruppe 3 1819"]
[Site "Nordrheinwestfalen"]
[Date "2019.01.20"]
[Round "5.4"]
[White "Reininghaus, Dennis"]
[Black "Dunsche, Daniel"]
[Result "0-1"]
[WhiteElo "1742"]
[BlackElo "1930"]
[PlyCount "106"]
[EventDate "2018.09.23"]
[EventType "team-tourn"]
[EventRounds "9"]
[EventCountry "GER"]
[SourceTitle "EXT 2022"]
[Source "ChessBase"]
[SourceDate "2021.10.06"]
[SourceVersion "1"]
[SourceVersionDate "2021.10.06"]
[SourceQuality "1"]
[WhiteTeam "Unna SV"]
[BlackTeam "Waltrop SV"]
[WhiteTeamCountry "GER"]
[BlackTeamCountry "GER"]

1. d4 d5 2. Nf3 Nf6 3. e3 Bg4 4. Be2 e6 5. Nbd2 c5 6. c3 Nc6 7. Qa4 a6 8. h3 Bh5 9. g4 Bg6 10. Ne5 Qc8 11. Nxc6 Qxc6 12. Qxc6+ bxc6 13. Nb3 Nd7 14. Na5 cxd4 15. exd4 c5 16. dxc5 Bxc5 17. Nb3 Bd6 18. Be3 0-0 19. f4 Be4 20. Rg1 Rfb8 21. 0-0-0 a5 22. Nd2 Bg6 23. Rdf1 h6 24. f5 Bh7 25. Bd3 Nc5 26. Bc2 Rb7 27. g5 hxg5 28. Rxg5 f6 29. Rg2 e5 30. Rfg1 Rab8 31. b4 axb4 32. cxb4 Na6 33. a3 Rc8 34. Kb2 Rxc2+ 35. Kxc2 Bxf5+ 36. Kb3 Bxh3 37. Rg3 Be6 38. Bh6 g5 39. Bxg5 fxg5 40. Rxg5+ Kf8 41. Rf1+ Ke8 42. Rf6 Kd7 43. Rgg6 Be7 44. Rg7 Nc5+ 45. Kc2 Na4 46. Kb3 Nb6 47. Rh6 e4 48. Rgg6 Nc4 49. Nxc4 dxc4+ 50. Kc3 Rb6 51. Kd4 Rd6+ 52. Ke5 c3 53. Kxe4 c2 0-1

[Event "Ruhrgebiet Verbandsklasse Gruppe 1 1718"]
[Site "Germany"]
[Date "2018.02.25"]
[Round "7.4"]
[White "Boelling, Andreas"]
[Black "Dunsche, Daniel"]
[Result "1/2-1/2"]
[WhiteElo "1729"]
[BlackElo "1872"]
[PlyCount "104"]
[EventDate "2017.09.17"]
[EventType "team-tourn"]
[EventRounds "9"]
[EventCountry "GER"]
[SourceTitle "EXT 2022"]
[Source "ChessBase"]
[SourceDate "2021.10.06"]
[SourceVersion "1"]
[SourceVersionDate "2021.10.06"]
[SourceQuality "1"]
[WhiteTeam "Hamm SV II"]
[BlackTeam "Waltrop SV"]
[WhiteTeamCountry "GER"]
[BlackTeamCountry "GER"]

1. e4 e6 2. d4 d5 3. exd5 exd5 4. Nf3 Nf6 5. c4 Bb4+ 6. Nc3 0-0 7. c5 Re8+ 8. Be2 Qe7 9. h3 Nc6 10. a3 Bxc3+ 11. bxc3 b6 12. cxb6 cxb6 13. Bg5 Na5 14. Bxf6 gxf6 15. Ra2 Nc4 16. 0-0 Nxa3 17. Re1 Qf8 18. Qb3 Nc4 19. Bxc4 Rxe1+ 20. Nxe1 dxc4 21. Qxc4 Qd8 22. Qd3 Bb7 23. Qf5 Qd5 24. Qxd5 Bxd5 25. Ra3 Rc8 26. Nd3 a5 27. Nf4 Bc4 28. Nh5 Rc6 29. Ng3 Bd3 30. f3 Kf8 31. Kf2 Bc2 32. Ke3 a4 33. Ne4 f5 34. Nd2 b5 35. d5 Rc8 36. Kd4 Ke7 37. Ra2 Bd1 38. Ra1 Bc2 39. c4 b4 40. c5 Ra8 41. Nc4 a3 42. c6 b3 43. d6+ Kd8 44. Kc3 Ra6 45. Rxa3 Rxc6 46. Ra8+ Rc8 47. Rxc8+ Kxc8 48. Ne3 Kd7 49. Nxc2 bxc2 50. Kxc2 Kxd6 51. Kd3 Ke5 52. g3 Kd5 1/2-1/2

[Event "Ruhrgebiet Verbandsklasse Gruppe 1 1718"]
[Site "Germany"]
[Date "2018.02.04"]
[Round "6.5"]
[White "Pahne, Dirk"]
[Black "Dunsche, Daniel"]
[Result "1-0"]
[WhiteElo "1909"]
[BlackElo "1872"]
[PlyCount "85"]
[EventDate "2017.09.17"]
[EventType "team-tourn"]
[EventRounds "9"]
[EventCountry "GER"]
[SourceTitle "EXT 2022"]
[Source "ChessBase"]
[SourceDate "2021.10.06"]
[SourceVersion "1"]
[SourceVersionDate "2021.10.06"]
[SourceQuality "1"]
[WhiteTeam "Eving SV Rochade"]
[BlackTeam "Waltrop SV"]
[WhiteTeamCountry "GER"]
[BlackTeamCountry "GER"]

1. e4 d6 2. d4 g6 3. Bg5 Bg7 4. c3 Nf6 5. Nd2 0-0 6. Bc4 e5 7. Ne2 Nc6 8. f3 a6 9. d5 Ne7 10. a4 h6 11. Bh4 g5 12. Bf2 Ng6 13. a5 Nh5 14. g4 Nhf4 15. Ng3 Nh4 16. Bf1 Bf6 17. Nc4 Kg7 18. Ne3 Rh8 19. Nef5+ Nxf5 20. exf5 Be7 21. Be3 f6 22. h4 Bd7 23. Qd2 Be8 24. hxg5 hxg5 25. Rxh8 Kxh8 26. 0-0-0 Kg7 27. Bc4 Bf7 28. Rh1 Qg8 29. Qh2 Bxd5 30. Bxf4 Bxc4 31. Be3 Kf8 32. Ne4 Ke8 33. Qh8 Qf8 34. Rh6 Kd7 35. Nxf6+ Kc6 36. Qxf8 Rxf8 37. Ne4 Be2 38. Bxg5 Bxg5+ 39. Nxg5 e4 40. fxe4 Bxg4 41. Ne6 Re8 42. Rh4 Be2 43. Nd4+ 1-0

[Event "Ruhrgebiet Verbandsklasse Gruppe 1 1718"]
[Site "Germany"]
[Date "2017.11.05"]
[Round "3.5"]
[White "Kreitling, Oliver"]
[Black "Dunsche, Daniel"]
[Result "0-1"]
[WhiteElo "1805"]
[BlackElo "1872"]
[PlyCount "94"]
[EventDate "2017.09.17"]
[EventType "team-tourn"]
[EventRounds "9"]
[EventCountry "GER"]
[SourceTitle "EXT 2022"]
[Source "ChessBase"]
[SourceDate "2021.10.06"]
[SourceVersion "1"]
[SourceVersionDate "2021.10.06"]
[SourceQuality "1"]
[WhiteTeam "Buer SF"]
[BlackTeam "Waltrop SV"]
[WhiteTeamCountry "GER"]
[BlackTeamCountry "GER"]

1. d4 Nf6 2. c4 c5 3. d5 b5 4. cxb5 a6 5. bxa6 Bxa6 6. Nc3 d6 7. Nf3 Nbd7 8. e4 Bxf1 9. Kxf1 g6 10. Qe2 Bg7 11. g3 0-0 12. Kg2 Qa5 13. Bd2 Rfb8 14. Nd1 Qa4 15. Bc3 Qxe4 16. Qxe4 Nxe4 17. Bxg7 Kxg7 18. Re1 f5 19. Ng5 Ndf6 20. Nxe4 fxe4 21. Re2 Nxd5 22. Rxe4 Kf7 23. a3 Rb3 24. Rc1 Rab8 25. Rc2 Nc7 26. Re3 e5 27. Rd2 Ke6 28. Rxb3 Rxb3 29. Nc3 d5 30. f3 c4 31. Kf2 Rb8 32. Ke2 Rb6 33. Kd1 Rd6 34. Kc1 Na6 35. Na4 d4 36. b3 c3 37. Rd3 Rc6 38. b4 Nc7 39. Nc5+ Kd5 40. Nb3 Ra6 41. Na5 Nb5 42. a4 Nd6 43. Kc2 Nc4 44. Nxc4 Kxc4 45. a5 Kxb4 46. f4 Rxa5 47. fxe5 Kc4 0-1

[Event "Unna op"]
[Site "Unna"]
[Date "2016.12.29"]
[Round "6"]
[White "Dunsche, Daniel"]
[Black "Sauerwald, Thomas"]
[Result "1/2-1/2"]
[WhiteElo "1825"]
[BlackElo "2146"]
[PlyCount "93"]
[EventDate "2016.12.27"]
[EventType "swiss"]
[EventRounds "7"]
[EventCountry "GER"]
[SourceTitle "EXT 2018"]
[Source "ChessBase"]
[SourceDate "2017.10.13"]
[SourceVersion "1"]
[SourceVersionDate "2017.10.13"]
[SourceQuality "1"]

1. d4 Nf6 2. c4 e6 3. Nc3 Bb4 4. e3 b6 5. Nge2 Ne4 6. Bd2 Nxd2 7. Qxd2 Bb7 8. a3 Be7 9. d5 a5 10. g3 Na6 11. Qc2 Nc5 12. b3 c6 13. Bg2 cxd5 14. cxd5 0-0 15. 0-0 Qb8 16. Nd4 Rc8 17. Rfd1 Bf6 18. Rab1 g6 19. Ndb5 Be5 20. f4 Bxc3 21. Qxc3 Ne4 22. Qd4 Rc5 23. Bxe4 Rxb5 24. dxe6 dxe6 25. Bd3 Rc5 26. b4 axb4 27. axb4 e5 28. Qb2 Rc8 29. fxe5 Re8 30. Bc4 Re7 31. e6 fxe6 32. Qf6 Qe8 33. Rd6 Bc8 34. Rxb6 Rf7 35. Bxe6 Bxe6 36. Qxe6 Qxe6 37. Rxe6 Ra2 38. Rf1 Rxf1+ 39. Kxf1 Rxh2 40. b5 Kf7 41. Rc6 Rb2 42. b6 h5 43. Rc7+ Kf6 44. Rb7 Kf5 45. Rb8 Kg4 46. b7 Kxg3 47. Rg8 1/2-1/2

[Event "Ruhrgebiet Verbandsklasse Gruppe 2 1617"]
[Site "Germany"]
[Date "2016.09.25"]
[Round "2.6"]
[White "Dunsche, Daniel"]
[Black "Kreitling, Oliver"]
[Result "1-0"]
[WhiteElo "1825"]
[BlackElo "1805"]
[PlyCount "83"]
[EventDate "2016.09.04"]
[EventType "team-tourn"]
[EventRounds "9"]
[EventCountry "GER"]
[SourceTitle "EXT 2022"]
[Source "ChessBase"]
[SourceDate "2021.10.06"]
[SourceVersion "1"]
[SourceVersionDate "2021.10.06"]
[SourceQuality "1"]
[WhiteTeam "Waltrop SV"]
[BlackTeam "Buer SF"]
[WhiteTeamCountry "GER"]
[BlackTeamCountry "GER"]

1. d4 d5 2. c4 e6 3. Nc3 Nf6 4. cxd5 exd5 5. Bg5 Be7 6. e3 c6 7. Bd3 h6 8. Bh4 0-0 9. Qc2 Qb6 10. Nge2 a5 11. 0-0 Nbd7 12. f3 Re8 13. Bf2 Nf8 14. Ng3 Ne6 15. Nf5 Bf8 16. Rae1 g6 17. Ng3 Bg7 18. h3 Bd7 19. Nge2 Ng5 20. Kh1 Qb4 21. e4 dxe4 22. fxe4 Be6 23. Nf4 Bc4 24. e5 Bxd3 25. Nxd3 Qc4 26. exf6 Bxf6 27. b3 Qa6 28. Nc5 Qa7 29. N3e4 Nxe4 30. Rxe4 Red8 31. Be3 Bg7 32. Ref4 Re8 33. Rxf7 Kh7 34. Rxb7 Rxe3 35. Rxa7 Rxa7 36. Qc4 Rae7 37. Rf7 Re1+ 38. Kh2 R7e3 39. Nd7 h5 40. Nf8+ Kh6 41. Qxc6 Bxf8 42. Rxf8 1-0